| 000 | 00472cam a2200181ua 4500 | ||
|---|---|---|---|
| 001 | 5777 | ||
| 008 | 131009n ii |||gr||||Z||||||eng | ||
| 040 | _cMAIN | ||
| 082 | _a954 | ||
| 245 |
_aSimple History of Medieval India _cBy L. Prasad |
||
| 260 |
_aAgra: _bLaxmi Narain Agarwal,., _c1964. |
||
| 300 | _ax,282p. | ||
| 653 | _aHistory | ||
| 653 | _aSimple History of Medieval India | ||
| 700 |
_aPrasad,L., _eAuthor., |
||
| 700 | 1 |
_aSharma,Urmila, _eAuthor. |
|
| 942 | _cBK | ||
| 999 |
_c4935 _d4935 |
||